Logo Quiz - Fast Food Edition - Statistics

General Stats
  • This quiz has been taken 167 times
  • The average score is 13 of 16
Answer Stats
Picture Answer % Correct
Wendy's
97%
McDonald's
95%
Subway
91%
Burger King
89%
Starbucks
88%
KFC
86%
Taco Bell
86%
Dunkin' Donuts
85%
Chick-Fil-A
84%
Domino's
84%
Pizza Hut
84%
Arby's
74%
DQ
71%
Hardee's/Carl's Jr
70%
Chipotle
69%
Sonic
63%
No matching quizzes found
Score Distribution
Percent of People with Each Score
Percentile by Number Answered
Your Score History
You have not taken this quiz